معجم قواعد العربية العالمية : (رقم التسجيلة. 96661)
[ عرض عادي ]
| 000 -LEADER | |
|---|---|
| fixed length control field | 013740am a22003130004500 |
| 003 - CONTROL NUMBER IDENTIFIER | |
| control field | EG-GiCUC |
| 008 - FIXED-LENGTH DATA ELEMENTS--GENERAL INFORMATION | |
| fixed length control field | 070526s1991 le a g d 001 0 ara d |
| 017 ## - COPYRIGHT OR LEGAL DEPOSIT NUMBER | |
| Copyright or legal deposit number | 1988 / 2033 |
| Assigning agency | مصر.دار الكتب |
| 040 ## - CATALOGING SOURCE | |
| Original cataloging agency | EG-GiCUC |
| Language of cataloging | ara |
| Transcribing agency | EG-GiCUC |
| 041 0# - LANGUAGE CODE | |
| Language code of text/sound track or separate title | ara |
| -- | fre |
| 050 #4 - LIBRARY OF CONGRESS CALL NUMBER | |
| Classification number | PJ6106. |
| Item number | D3 1991 |
| 092 04 - LOCALLY ASSIGNED DEWEY CALL NUMBER (OCLC) | |
| Classification number | 415.103 |
| Item number | D129 1991 |
| Edition number | 21 |
| 099 ## - LOCAL FREE-TEXT CALL NUMBER (OCLC) | |
| Classification number | 04 |
| -- | 415.103 D129 1991 |
| 100 1# - MAIN ENTRY--PERSONAL NAME | |
| Personal name | الدحداح : انطوان |
| 245 10 - TITLE STATEMENT | |
| Title | معجم قواعد العربية العالمية : |
| Remainder of title | عربى-فرنسى / |
| Statement of responsibility, etc. | انطوان الدحداح ؛ راجعة الياس مطر ؛ دقق فيه جورج مترى عبد المسيح |
| 246 05 - VARYING FORM OF TITLE | |
| Title proper/short title | Dictionaire de la Arabe Universelle........ |
| 250 ## - EDITION STATEMENT | |
| Edition statement | ط1 |
| 260 ## - PUBLICATION, DISTRIBUTION, ETC. | |
| Place of publication, distribution, etc. | بيروت : |
| Name of publisher, distributor, etc. | مكتبة لبنان : |
| Date of publication, distribution, etc. | 1991 |
| 300 ## - PHYSICAL DESCRIPTION | |
| Extent | ا-ح : 249 : 249ص : |
| Other physical details | ايض ؛ |
| Dimensions | 35سم |
| 500 ## - GENERAL NOTE | |
| General note | الصفحات متقابلة تحمل ترقيم مزدوجا |
| 500 ## - GENERAL NOTE | |
| General note | النص باللغتين العربية و الفرنسية |
| 500 ## - GENERAL NOTE | |
| General note | فى رأس ص العنوان : موسوعة الدحداح فى علم العربية |
| 650 #7 - SUBJECT ADDED ENTRY--TOPICAL TERM | |
| Topical term or geographic name entry element | اللغة العربية |
| Form subdivision | معاجم |
| General subdivision | فرنسى |
| Source of heading or term | qrmak |
| 650 #7 - SUBJECT ADDED ENTRY--TOPICAL TERM | |
| Topical term or geographic name entry element | اللغة العربية |
| General subdivision | النحو |
| Form subdivision | معاجم |
| Source of heading or term | qrmak |
| 650 #7 - SUBJECT ADDED ENTRY--TOPICAL TERM | |
| Topical term or geographic name entry element | اللغة الفرنسية |
| Form subdivision | معاجم |
| General subdivision | عربى |
| Source of heading or term | qrmak |
| 902 ## - LOCAL DATA ELEMENT B, LDB (RLIN) | |
| No. of Items | 1 |
| 905 ## - LOCAL DATA ELEMENT E, LDE (RLIN) | |
| Cataloger | امنية |
| Reviser | مدخل |
| 942 ## - ADDED ENTRY ELEMENTS (KOHA) | |
| Source of classification or shelving scheme | Dewey Decimal Classification |
| Koha item type | Reference |
| Source of classification or shelving scheme | Not for loan | Home library | Current library | Date acquired | Full call number | Barcode | Date last seen | Copy number | Koha item type |
|---|---|---|---|---|---|---|---|---|---|
| Dewey Decimal Classification | المكتبة المركزبة الجديدة - جامعة القاهرة | قاعة المراجع - الدور الثاني | 11.02.2024 | 415.103 D129 1991 Ref. | 01000100097979000 | 23.09.2023 | C.1 | Reference |